000
002900000a22001090004500
100
1
_a
Rivera Velázquez, Melvin
245
1
0
_a
Lo bueno de lo malo
300
_a
Vol.49, núm.210 (1994), Páginas 4-5
650
1
4
_a
ECOLOGÍA-REINO DE DIOS
773
0
_t
La Biblia en las Américas
942
_c
ANA
999
_c
62912
_d
62912